Introducción a la economía (Registro nro. 5494)

Detalles MARC
000 -LEADER
fixed length control field 01887 a2200205 4500
001 - CONTROL NUMBER
control field 54330
005 - DATE AND TIME OF LATEST TRANSACTION
control field 20260407155815.0
008 - FIXED-LENGTH DATA ELEMENTS--GENERAL INFORMATION
fixed length control field 260407a1972 arg spa d
003 - CONTROL NUMBER IDENTIFIER
control field AR-UNSa-BCEJYS
040 ## - CATALOGING SOURCE
Original cataloging agency AR-UNSa-BCEJYS
Language of cataloging spa
Transcribing agency AR-UNSa-BCEJYS
080 ## - UNIVERSAL DECIMAL CLASSIFICATION NUMBER
Universal Decimal Classification number 330
Common auxiliary subdivision Economía en general
041 ## - LANGUAGE CODE
Language code of text/sound track or separate title spa
100 1# - MAIN ENTRY--PERSONAL NAME
Personal name Reynolds, Lloyd G.
245 10 - TITLE STATEMENT
Title Introducción a la economía
264 #1 - PRODUCTION, PUBLICATION, DISTRIBUTION, MANUFACTURE, AND COPYRIGHT NOTICE
Place of production, publication, distribution, manufacture Madrid :
Name of producer, publisher, distributor, manufacturer Tecnos
Date of production, publication, distribution, manufacture, or copyright notice 1972
300 ## - PHYSICAL DESCRIPTION
Extent 829 p.
Dimensions 23 cm.
505 ## - FORMATTED CONTENTS NOTE
Formatted contents note 1. Lo que estudian las ciencias económicas - 2. Dimensiones de la economía americana - 3. La economía de subsistencia.La economía dirigida - 4. La economía de mercado - 5. El precio de los mercados de productos - 6. El costo y el precio en la libre competencia - 7. El poder del monopolio en los mercados de productos - 8. Mercados de trabajo y determinnación de salarios- 9. Mercados de moneda, interés y beneficio - 10. Competencia, planificación y eficacia económica - 11. La promoción de la competencia - 12. La restricción de la competencia - 13. Los sindicatos y los convenios colectivos - 14. La desigualdad de la renta y la política económica oficial - 15. La economía oficial - 16. La economía internacional - 17. La renta nacional - 18. El nivel de la renta nacional - 19. El análisis de la renta:Derivaciones y aplicaciones - 20. Impuestos, gastos públicos y política fiscal - 21. La oferta de dinero - 22. La influencia de la política monetaria 23. Las fluctuaciones de la renta nacioanal - 24. La política de la estabilidad económica - 25. La naturaleza del desarrollo económico - 26. El desarrollo de la economía norteamericana - 27. La experiencia sovética:¿Una carrera de desarrollo? - 28. Los países pobres - 29. La estrategia del desarrollo económico - 30. El desarrollo económico y el interés norteamericano
590 ## - LOCAL NOTE (RLIN)
Local note niveau_biblio:m niveau_hierar:0
942 ## - ADDED ENTRY ELEMENTS (KOHA)
Koha item type
Existencias
Withdrawn status Lost status Damaged status Not for loan Home library Current library Shelving location Date acquired Total checkouts Full call number Barcode Date last seen Price effective from Koha item type
        Biblioteca Prof. Eusebio Cleto del Rey Biblioteca Prof. Eusebio Cleto del Rey   07/04/2026   330 R462 L23818 07/04/2026 07/04/2026 Libro